La escritura creativa y formal
Saved in:
| Main Authors: | , |
|---|---|
| Format: | Bog |
| Sprog: | spansk |
| Udgivet: |
Santiago
Andrés Bello
2000
|
| Udgivelse: | 7a. ed |
| Fag: | |
| Tags: |
Tilføj Tag
Ingen Tags, Vær først til at tagge denne postø!
|
MARC
| LEADER | 00000nam a2200000 a 4500 | ||
|---|---|---|---|
| 001 | UCM4103 | ||
| 003 | CL-VaPUC | ||
| 008 | 020726e20000000CL |||||||||||||||||spa|d | ||
| 082 | 0 | 4 | |a 372.634 |b CON |2 21 |
| 100 | 0 | |a Condemarín Grimberg, Mabel |e author |9 470675 | |
| 700 | 0 | |a Chadwick Weinstein, Mariana |e author |9 470676 | |
| 245 | 1 | 3 | |a La escritura creativa y formal |
| 250 | |a 7a. ed | ||
| 300 | |a 252 p | ||
| 942 | |c BK | ||
| 945 | |d 20020726 00:00:00 |a cmena | ||
| 260 | |a Santiago |b Andrés Bello |c 2000 | ||
| 650 | 0 | |a Escritura |9 264941 | |
| 650 | 0 | |a Educación básica |9 224933 | |
| 650 | 0 | |a Educación lingüística |9 306506 | |
| 650 | 0 | |a Métodos de enseñanza |9 270413 | |
| 583 | |a last modification |c 20020726 00:00:00 |k Rodrigo Vera | ||
| 999 | |c 301007 |d 301005 | ||
| 952 | |0 0 |1 0 |4 0 |6 372_634000000000000_CON_2000 |7 0 |8 R |9 359532 |a BIBEDU |b BIBEDU |d 2019-11-21 |i 383316K |l 1 |o 372.634 CON 2000 |p 383316K |r 2023-01-13 |s 2022-04-18 |w 2019-11-21 |y BK_R |k EPE | ||
| 952 | |0 0 |1 0 |4 0 |6 372_634000000000000_CON_2000 |7 0 |8 R |9 359533 |a BIBEDU |b BIBEDU |d 2019-11-21 |i 3884090 |o 372.634 CON 2000 |p 3884090 |r 2023-01-13 |w 2019-11-21 |y BK_R |k BME | ||